[Event "PRO League Group Stage"]
[Site "chess.com INT"]
[Date "2019.03.07"]
[Round "9"]
[White "Gupta, Abhijeet"]
[Black "Afanasiev, Nikita"]
[Result "1/2-1/2"]
[WhiteTitle "GM"]
[BlackTitle "FM"]
[WhiteElo "2581"]
[BlackElo "2508"]
[WhiteTeam "Delhi Dynamite"]
[BlackTeam "Moscow Phoenix"]
[WhiteFideId "5010608"]
[BlackFideId "24183555"]
[EventDate "2019.01.08"]

1. Nf3 d5 2. g3 Nf6 3. Bg2 g6 4. b3 Bg7 5. Bb2 O-O 6. c4 c5 7. cxd5 Nxd5 8. Bxg7
Kxg7 9. O-O Na6 10. d4 Nf6 11. Nc3 Qa5 12. Qc2 Bg4 13. dxc5 Nxc5 14. Qb2 Kg8 15.
b4 Qb6 16. Ne5 Be6 17. Rab1 Ncd7 18. Nd3 Rab8 19. Na4 Qa6 20. Nac5 Nxc5 21. bxc5
Qa5 22. Qe5 b6 23. Qc7 Rfe8 24. cxb6 Rxb6 25. Rxb6 Qxb6 26. Qxb6 axb6 27. a3 Rc8
28. Rb1 Nd7 29. Nf4 Ba2 30. Ra1 Rc2 31. Rd1 Ne5 32. Be4 Rb2 33. Rd4 Bc4 34. Bd5
Bxe2 35. Nxe2 Rxe2 36. Kf1 Rb2 37. Re4 Nd3 38. Rxe7 Rxf2+ 39. Kg1 Rf6 40. h4 h5
41. Kg2 Kg7 42. Bc4 Nc5 43. Rc7 Ne4 44. Bd5 Nd6 45. Rd7 Nf5 46. Kh3 Ne3 47. Bb3
Rf3 48. Rd3 Kh6 49. a4 g5 50. hxg5+ Kxg5 51. Bd5 Rf5 52. Bxf7 Ng4 53. Rd5 Rxd5
54. Bxd5 Nf6 55. Bf3 Ng4 56. Kg2 Ne5 57. Be2 h4 58. gxh4+ Kxh4 59. Kf2 Kg5 60.
Ke3 Nd7 61. Kd4 Nc5 62. Bb5 Nxa4 63. Bxa4 1/2-1/2

[Event "PRO League Group Stage"]
[Site "chess.com INT"]
[Date "2019.03.07"]
[Round "9"]
[White "Pantsulaia, Levan"]
[Black "Sadhwani, Raunak"]
[Result "1-0"]
[WhiteTitle "GM"]
[BlackTitle "IM"]
[WhiteElo "2597"]
[BlackElo "2451"]
[WhiteTeam "Tbilisi Gentlemen"]
[BlackTeam "Mumbai Movers"]
[WhiteFideId "13602071"]
[BlackFideId "35093487"]
[EventDate "2019.01.08"]

1. Nf3 d5 2. g3 Nc6 3. c4 dxc4 4. Qa4 Bg4 5. Bg2 Qd7 6. Na3 O-O-O 7. Nxc4 Kb8 8.
Qb3 Qd5 9. Nh4 Nd4 10. Bxd5 Nxb3 11. axb3 Rxd5 12. Ne3 Rd4 13. Nxg4 Rxg4 14. d4
Rxd4 15. Be3 Rd8 16. Rxa7 b6 17. Ra4 e6 18. O-O Nf6 19. Nf3 Bd6 20. Rfa1 Kc8 21.
Bd4 Kd7 22. Ra7 Ne8 23. b4 f6 24. Bxb6 Bxb4 25. Rd1+ Bd6 26. Bc5 e5 27. b4 Ke6
28. Bxd6 Nxd6 29. Rxc7 Rd7 30. Rxd7 Kxd7 31. Nd2 Ke6 32. Nb3 Rb8 33. Nc5+ Ke7
34. Ra1 Nb5 35. e3 h5 36. h4 g6 37. Kg2 Rb6 38. Ra8 f5 39. Nd3 Kf6 40. Ra5 Rb8
41. Ra6+ 1-0

[Event "PRO League Group Stage"]
[Site "chess.com INT"]
[Date "2019.03.07"]
[Round "9"]
[White "Paichadze, Luka"]
[Black "Raja, Harshit"]
[Result "1-0"]
[WhiteTitle "GM"]
[BlackTitle "IM"]
[WhiteElo "2583"]
[BlackElo "2432"]
[WhiteTeam "Tbilisi Gentlemen"]
[BlackTeam "Mumbai Movers"]
[WhiteFideId "13602934"]
[BlackFideId "5089000"]
[EventDate "2019.01.08"]

1. e4 c5 2. Nf3 d6 3. d4 cxd4 4. Qxd4 Nc6 5. Bb5 Bd7 6. Bxc6 Bxc6 7. Nc3 Nf6 8.
Bg5 e6 9. O-O-O Be7 10. Rhe1 O-O 11. e5 dxe5 12. Qh4 Qc7 13. Nxe5 Rfe8 14. Rd3
Rad8 15. Rg3 Qd6 16. Qh6 g6 17. Rh3 Bf8 18. Qh4 h6 19. Nc4 Qc5 20. Bxf6 Rc8 21.
Qxh6 Bxh6+ 22. Rxh6 Qh5 23. Rxh5 gxh5 24. Ne5 Bd5 25. Re3 h4 26. Bxh4 f5 27.
Rg3+ Kf8 28. Bf6 1-0

[Event "PRO League Group Stage"]
[Site "chess.com INT"]
[Date "2019.03.07"]
[Round "9"]
[White "Amonatov, Farrukh"]
[Black "Quparadze, Giga"]
[Result "0-1"]
[WhiteTitle "GM"]
[BlackTitle "GM"]
[WhiteElo "2621"]
[BlackElo "2493"]
[WhiteTeam "Mumbai Movers"]
[BlackTeam "Tbilisi Gentlemen"]
[WhiteFideId "14700077"]
[BlackFideId "13602250"]
[EventDate "2019.01.08"]

1. e4 c5 2. Nf3 e6 3. d4 cxd4 4. Nxd4 a6 5. Bd3 Nc6 6. Nxc6 dxc6 7. O-O e5 8.
Nd2 Nf6 9. Nc4 Bd6 10. f4 Ng4 11. Kh1 Bc5 12. h3 Nf2+ 13. Rxf2 Bxf2 14. Qf3 Bd4
15. fxe5 O-O 16. Qg3 f6 17. Bh6 Qe7 18. exf6 Qxf6 19. Bg5 Qg6 20. c3 Bf2 21. Qe5
Bxh3 22. Nd6 Be6 23. Bf4 Rxf4 0-1

[Event "PRO League Group Stage"]
[Site "chess.com INT"]
[Date "2019.03.07"]
[Round "9"]
[White "Puranik, Abhimanyu"]
[Black "Volkov, Nika"]
[Result "1-0"]
[WhiteTitle "GM"]
[WhiteElo "2536"]
[BlackElo "2153"]
[WhiteTeam "Mumbai Movers"]
[BlackTeam "Tbilisi Gentlemen"]
[WhiteFideId "5061245"]
[BlackFideId "13604376"]
[EventDate "2019.01.08"]

1. e4 e6 2. d4 d5 3. Bd3 c5 4. exd5 exd5 5. Qe2+ Be6 6. Bb5+ Nc6 7. Nf3 Nf6 8.
O-O Bd6 9. dxc5 Bxc5 10. Ng5 Qe7 11. Re1 O-O 12. c3 Ng4 13. Nh3 Qc7 14. Bf4 Bd6
15. Qf3 Nxh2 16. Kxh2 Bxh3 17. Bxd6 Qxd6+ 18. Kxh3 Ne5 19. Qf4 Qe6+ 20. Kg3 f6
21. Nd2 g5 22. Qd4 Qd6 23. Ne4 Qc7 24. Nxf6+ Rxf6 25. Qxe5 Qb6 26. f3 Raf8 27.
Bd3 Qxb2 28. Qxg5+ Kh8 29. Re7 R6f7 30. Rxf7 Rxf7 31. Re1 1-0

[Event "PRO League Group Stage"]
[Site "chess.com INT"]
[Date "2019.03.07"]
[Round "9"]
[White "Savchenko, Boris"]
[Black "Bryakin, Mikhail"]
[Result "1/2-1/2"]
[WhiteTitle "GM"]
[BlackTitle "FM"]
[WhiteElo "2562"]
[BlackElo "2426"]
[WhiteTeam "Moscow Wizards"]
[BlackTeam "Volga Stormbringers"]
[WhiteFideId "4147332"]
[BlackFideId "4165314"]
[EventDate "2019.01.08"]

1. e4 c6 2. d4 d5 3. Nc3 dxe4 4. Nxe4 Bf5 5. Ng3 Bg6 6. Nh3 Nf6 7. Nf4 e5 8.
dxe5 Qa5+ 9. Bd2 Qxe5+ 10. Be2 Nbd7 11. O-O O-O-O 12. Bc4 Qc7 13. Nxg6 fxg6 14.
Bc3 Bd6 15. Re1 Rhe8 16. Bf1 Ne5 17. Qd4 Nf3+ 18. gxf3 Rxe1 19. Rxe1 Bxg3 20.
Qxa7 Bxh2+ 21. Kh1 Bd6 22. Bxf6 gxf6 23. Bc4 Qb8 24. Be6+ Kc7 25. Qd4 Be5 26.
Qh4 h5 27. c3 g5 28. Qe4 Qa7 29. Kg2 h4 30. Re2 Qc5 31. a3 Qd6 32. Qf5 Rh8 33.
Qg6 Kb6 34. Qg7 h3+ 35. Bxh3 Rxh3 36. Kxh3 Qd3 37. Rxe5 Qxf3+ 38. Kh2 Qxf2+ 39.
Kh1 Qf3+ 40. Kg1 Qg3+ 41. Kf1 Qxe5 42. Qf8 Ka7 43. Qd8 g4 44. Qd2 Qf5+ 45. Kg1
Qc5+ 46. Kf1 f5 47. Qf4 Qd5 48. Kf2 Qe4 49. Qc7 Qc2+ 50. Kg3 Qd3+ 51. Kh4 Qd5
52. Kg5 Qc5 53. b4 Qd5 54. c4 Qxc4 55. Kxf5 Qd5+ 56. Kxg4 Qe4+ 57. Kg5 Qe3+ 58.
Qf4 Qxa3 59. Qd4+ b6 60. Qc4 Qa4 61. Kf4 c5 62. Qf7+ Ka6 63. Qc4+ Qb5 64. Qa2+
Kb7 65. Qf7+ Ka6 66. Qa2+ Kb7 67. Qf7+ Kb8 68. Qf8+ Kc7 69. bxc5 bxc5 70. Ke3
Kb6 71. Qd8+ Kb7 72. Kd2 Qb4+ 73. Kc2 Qc4+ 74. Kb2 Qb4+ 75. Kc2 Qc4+ 76. Kb2
Qb4+ 77. Kc2 Kc6 78. Qc8+ Kb6 79. Qd8+ Kb5 80. Qd7+ Kb6 81. Qd8+ Kb5 82. Qe8+
Ka5 83. Qa8+ Kb6 84. Qd8+ Kb5 85. Qd7+ Kb6 86. Qd8+ Kb7 87. Qd7+ Ka6 88. Qc8+
Ka5 89. Qa8+ Kb5 90. Qe8+ Kb6 91. Qd8+ 1/2-1/2

[Event "PRO League Group Stage"]
[Site "chess.com INT"]
[Date "2019.03.07"]
[Round "9"]
[White "Tsydypov, Zhamsaran"]
[Black "Korchmar, Vasiliy"]
[Result "1-0"]
[WhiteTitle "IM"]
[BlackTitle "IM"]
[WhiteElo "2545"]
[BlackElo "2424"]
[WhiteTeam "Moscow Wizards"]
[BlackTeam "Volga Stormbringers"]
[WhiteFideId "4108566"]
[BlackFideId "24131750"]
[EventDate "2019.01.08"]

1. d4 Nf6 2. Nf3 d5 3. c4 e6 4. Nc3 Bb4 5. Bg5 dxc4 6. Qa4+ Nc6 7. a3 Bxc3+ 8.
bxc3 Qd5 9. Bxf6 gxf6 10. g3 b5 11. Qc2 Bb7 12. Bg2 Qh5 13. Rb1 a6 14. a4 Na5
15. axb5 axb5 16. O-O Nb3 17. e4 O-O 18. Nd2 Nxd2 19. Qxd2 Ra5 20. Qf4 e5 21.
Qxf6 exd4 22. cxd4 Qg6 23. Qe7 Qb6 24. d5 Qd6 25. Qg5+ Qg6 26. Qf4 Qd6 27. e5
Qg6 28. Be4 Qg7 29. Rfd1 c3 30. Rb3 Re8 31. d6 Ra4 32. d7 Rd8 33. Qh4 f6 34.
exf6 Rxe4 35. f7+ Kxf7 36. Qxd8 c2 37. Rf3+ 1-0

[Event "PRO League Group Stage"]
[Site "chess.com INT"]
[Date "2019.03.07"]
[Round "9"]
[White "Oparin, Grigoriy"]
[Black "Lushenkov, Mikhail"]
[Result "1/2-1/2"]
[WhiteTitle "GM"]
[BlackTitle "IM"]
[WhiteElo "2613"]
[BlackElo "2434"]
[WhiteTeam "Volga Stormbringers"]
[BlackTeam "Moscow Wizards"]
[WhiteFideId "24125890"]
[BlackFideId "4162129"]
[EventDate "2019.01.08"]

1. d4 Nf6 2. Nf3 e6 3. c4 d5 4. g3 c6 5. Bg2 Nbd7 6. O-O Bd6 7. Nc3 O-O 8. Qc2
dxc4 9. Rd1 Qe7 10. e4 e5 11. Nh4 g6 12. Bg5 exd4 13. Rxd4 Ne5 14. Rd2 Nd3 15.
b3 Nb4 16. Qc1 Nd3 17. Qc2 Nb4 18. Qd1 Be5 19. Rc1 Nd3 20. Rcc2 Nb4 21. Rc1 Nd3
22. Rcc2 Nb4 1/2-1/2

[Event "PRO League Group Stage"]
[Site "chess.com INT"]
[Date "2019.03.07"]
[Round "9"]
[White "Bazeev, German"]
[Black "Dordzhieva, Dinara"]
[Result "1-0"]
[BlackTitle "WIM"]
[WhiteElo "2423"]
[BlackElo "2340"]
[WhiteTeam "Volga Stormbringers"]
[BlackTeam "Moscow Wizards"]
[WhiteFideId "24119350"]
[BlackFideId "24157570"]
[EventDate "2019.01.08"]

1. Nf3 Nf6 2. d4 e6 3. c4 c5 4. d5 exd5 5. cxd5 d6 6. e4 g6 7. Bd3 Bg7 8. h3 O-O
9. O-O a6 10. Re1 Nbd7 11. Nc3 b5 12. Bf4 Ne8 13. Qd2 Ne5 14. Nxe5 dxe5 15. Be3
c4 16. Bf1 Nd6 17. Bc5 Qc7 18. Bb4 Bd7 19. a4 Rfb8 20. axb5 axb5 21. Rxa8 Rxa8
22. Rc1 Qb6 23. Qe1 Bf8 24. Rd1 Ra6 25. Kh1 Ra8 26. h4 h5 27. Qd2 Kh7 28. g3 Bh6
29. Qe1 Bg4 30. Be2 Bd7 31. Kg2 Bf8 32. f3 Nb7 33. Bxf8 Rxf8 34. Na2 Ra8 35. Nb4
Qc5 36. d6 Ra4 37. Nd5 Kg7 38. Qd2 Ra6 39. f4 Qxd6 40. Qc3 Qe6 41. fxe5 Nc5 42.
Nf4 1-0

[Event "PRO League Group Stage"]
[Site "chess.com INT"]
[Date "2019.03.07"]
[Round "9"]
[White "Meshkovs, Nikita"]
[Black "Sargsyan, Shant"]
[Result "0-1"]
[WhiteTitle "GM"]
[BlackTitle "IM"]
[WhiteElo "2557"]
[BlackElo "2486"]
[WhiteTeam "Estonia Horses"]
[BlackTeam "Armenia Eagles"]
[WhiteFideId "11602740"]
[BlackFideId "13306766"]
[EventDate "2019.01.08"]

1. d4 Nf6 2. Nf3 d5 3. c4 e6 4. g3 Bb4+ 5. Bd2 Be7 6. Bg2 O-O 7. O-O Nbd7 8. Bf4
dxc4 9. Nbd2 c3 10. bxc3 Nd5 11. c4 Nxf4 12. gxf4 c5 13. d5 exd5 14. cxd5 Nf6
15. e4 Nh5 16. f5 Nf4 17. Nc4 b5 18. Nce5 Bb7 19. Qd2 Nxg2 20. Kxg2 Bf6 21. Rae1
b4 22. Qf4 Qd6 23. Qg3 Rfe8 24. Nc4 Qxg3+ 25. hxg3 Ba6 26. Nfd2 Bc3 27. Rh1 Bxd2
28. Nxd2 c4 29. f6 c3 30. Nb3 Bc4 31. fxg7 f5 32. f3 fxe4 33. fxe4 a5 34. Rh5 a4
35. Nc5 Bxa2 36. Nd7 Ra6 37. Reh1 c2 38. Rxh7 c1=Q 39. Rh8+ Kxg7 40. Rxe8 Qd2+
41. Kf3 Bxd5 42. Re7+ Bf7 43. Rh4 Qc3+ 44. Kg2 Rg6 0-1

[Event "PRO League Group Stage"]
[Site "chess.com INT"]
[Date "2019.03.07"]
[Round "9"]
[White "Ehlvest, Jaan"]
[Black "Manukian, Artak"]
[Result "1/2-1/2"]
[WhiteTitle "GM"]
[WhiteElo "2521"]
[BlackElo "2196"]
[WhiteTeam "Estonia Horses"]
[BlackTeam "Armenia Eagles"]
[WhiteFideId "4500016"]
[BlackFideId "13301373"]
[EventDate "2019.01.08"]

1. c4 Nf6 2. Nc3 d6 3. g3 g6 4. Bg2 Bg7 5. e4 c5 6. Nge2 Nc6 7. d3 O-O 8. h3 Nd4
9. Be3 e5 10. O-O Rb8 11. a4 a6 12. f4 b5 13. axb5 axb5 14. Bxd4 cxd4 15. Nxb5
Ne8 16. Qd2 Nc7 17. Nxc7 Qxc7 18. b4 h5 19. b5 h4 20. g4 exf4 21. Qxf4 Qe7 22.
g5 f6 23. Qxh4 fxg5 24. Rxf8+ Bxf8 25. Qf2 Bg7 26. Rf1 Qa7 27. e5 dxe5 28. Bd5+
Kh7 29. Ng3 Qe7 30. Qg2 g4 31. Ne4 Qh4 32. hxg4 Bxg4 33. Qh2 Qxh2+ 34. Kxh2 Be2
35. Ng5+ Kh6 36. Nf7+ Kh7 37. Rh1 Bf6 38. Be4 Kg7 39. Nd6 Be7 40. c5 Bxd6 41.
cxd6 Rxb5 42. d7 Rb8 43. Rc1 Rd8 44. Rc5 Rxd7 45. Rxe5 Kf6 46. Ra5 Rd6 47. Kg3
Bd1 48. Kf4 Bb3 49. Rg5 Bf7 50. Ra5 Be6 51. Rg5 Bf7 52. Ra5 Be6 53. Rg5 Bf7 54.
Ra5 Be6 1/2-1/2

[Event "PRO League Group Stage"]
[Site "chess.com INT"]
[Date "2019.03.07"]
[Round "9"]
[White "Martirosyan, Haik M."]
[Black "Yakubboev, Nodirbek"]
[Result "1-0"]
[WhiteTitle "GM"]
[BlackTitle "IM"]
[WhiteElo "2607"]
[BlackElo "2569"]
[WhiteTeam "Armenia Eagles"]
[BlackTeam "Estonia Horses"]
[WhiteFideId "13306553"]
[BlackFideId "14203987"]
[EventDate "2019.01.08"]

1. e4 c6 2. Nf3 d5 3. Nc3 Nf6 4. e5 Ne4 5. Ne2 Qb6 6. d4 e6 7. Ng3 c5 8. Bd3
Nxg3 9. hxg3 Nc6 10. c3 cxd4 11. cxd4 Bd7 12. Kf1 Nb4 13. Bxh7 g6 14. Bg5 Bg7
15. Kg1 Rc8 16. Rh4 Qb5 17. Bf6 Bxf6 18. exf6 Qd3 19. Qe1 Nc2 20. Qe5 Nxa1 21.
Qd6 Rc1+ 22. Kh2 Kd8 23. Ne5 Qb5 24. Qb8+ Rc8 25. Nxf7+ Ke8 26. Qd6 1-0

[Event "PRO League Group Stage"]
[Site "chess.com INT"]
[Date "2019.03.07"]
[Round "9"]
[White "Ter-Sahakyan, Samvel"]
[Black "Narva, Mai"]
[Result "0-1"]
[WhiteTitle "GM"]
[BlackTitle "WIM"]
[WhiteElo "2574"]
[BlackElo "2347"]
[WhiteTeam "Armenia Eagles"]
[BlackTeam "Estonia Horses"]
[WhiteFideId "13302531"]
[BlackFideId "4500512"]
[EventDate "2019.01.08"]

1. e4 c5 2. Nf3 Nc6 3. Bb5 g6 4. O-O Bg7 5. Nc3 d6 6. e5 dxe5 7. Bxc6+ bxc6 8.
Re1 Qc7 9. d3 Bg4 10. Be3 c4 11. dxc4 Nf6 12. h3 Be6 13. Qe2 O-O 14. Bc5 Nd7 15.
Bxe7 Rfe8 16. Bh4 Nb6 17. Nd2 f5 18. Bg3 Qf7 19. b3 e4 20. Qe3 Rad8 21. Ne2 Bxa1
22. Rxa1 Qg7 23. Re1 g5 24. f4 exf3 25. Be5 Bxc4 26. Nxf3 Bf7 27. Nc3 Qg6 28.
Qf2 Nd5 29. Bd4 Nf4 30. Be5 Nd5 31. Na4 Nf6 32. c4 Ne4 33. Qb2 h5 34. Bh2 Qg7
35. Qc1 g4 36. hxg4 hxg4 37. Nh4 Qf6 38. g3 Rd3 39. Ng2 Nxg3 40. Rxe8+ Bxe8 41.
Qe1 Qd8 42. Nb2 Rd2 43. Bxg3 Rxb2 44. Qe6+ Bf7 45. Qxf5 Qd1+ 46. Kh2 Qe2 47.
Qg5+ Kf8 48. Qd8+ Kg7 49. Qg5+ Kf8 50. Qd8+ Qe8 51. Bd6+ Kg8 52. Qg5+ Bg6 53.
Kg3 Re2 54. Bf4 Qe4 55. Qd8+ Kf7 56. Qd7+ Qe7 57. Qd4 Be4 58. Nh4 Bh7 59. Qh8
Ke6 60. Qc3 Kd7 61. Qd4+ Kc8 62. Bd6 Qe3+ 63. Qxe3 Rxe3+ 64. Kxg4 Re2 65. a3 Re3
66. b4 Rxa3 67. Kf4 Rc3 68. c5 Rc4+ 69. Kg5 Be4 70. Kf6 Rxb4 71. Ke5 a5 72. Be7
a4 73. Kd6 a3 74. Bf6 a2 0-1

[Event "PRO League Group Stage"]
[Site "chess.com INT"]
[Date "2019.03.07"]
[Round "9"]
[White "Vaibhav, Suri"]
[Black "Chigaev, Maksim"]
[Result "1/2-1/2"]
[WhiteTitle "GM"]
[BlackTitle "GM"]
[WhiteElo "2590"]
[BlackElo "2604"]
[WhiteTeam "Delhi Dynamite"]
[BlackTeam "Estonia Horses"]
[WhiteFideId "5045185"]
[BlackFideId "4108116"]
[EventDate "2019.01.08"]

1. Nf3 Nf6 2. g3 g6 3. b3 Bg7 4. Bb2 O-O 5. Bg2 d6 6. d4 c5 7. O-O Nc6 8. d5 Nb4
9. c4 b5 10. a3 Na6 11. Nbd2 Rb8 12. Bc3 b4 13. axb4 cxb4 14. Bd4 Qc7 15. e4 Nc5
16. e5 Ng4 17. exd6 exd6 18. Bxg7 Kxg7 19. Nd4 Bd7 20. Nb5 Bxb5 21. Qxg4 Bd7 22.
Qd4+ Kg8 23. Ne4 Nxe4 24. Bxe4 a5 25. h4 Rfe8 26. Bd3 Re5 27. f4 Ree8 28. h5 Qc5
29. Qxc5 dxc5 30. Kf2 Ra8 31. Rfe1 Rxe1 32. Rxe1 Kf8 33. Rh1 Ke7 34. Bc2 Kd6 35.
Kf3 Rb8 36. g4 a4 37. bxa4 b3 38. Bd3 b2 39. hxg6 hxg6 40. Ke3 Rb3 41. Kd2 Bxg4
42. Bc2 Rb4 43. Bd3 Bf5 44. Rb1 Rxc4 45. Bxc4 Bxb1 46. Kc3 Be4 47. Kxb2 Bxd5 48.
Kc3 f6 49. a5 Bxc4 50. Kxc4 Kc6 51. a6 g5 52. fxg5 fxg5 53. a7 Kb7 54. Kxc5 g4
55. Kd4 g3 56. Ke3 g2 57. Kf2 Ka8 58. Kg1 Kxa7 59. Kxg2 1/2-1/2

[Event "PRO League Group Stage"]
[Site "chess.com INT"]
[Date "2019.03.07"]
[Round "9"]
[White "Mikhailovsky, Vladimir"]
[Black "Narayanan, S.L."]
[Result "1-0"]
[WhiteTitle "CM"]
[BlackTitle "GM"]
[WhiteElo "2180"]
[BlackElo "2575"]
[WhiteTeam "Moscow Phoenix"]
[BlackTeam "Delhi Dynamite"]
[WhiteFideId "34105414"]
[BlackFideId "5058422"]
[EventDate "2019.01.08"]

1. Nf3 d5 2. b3 Bg4 3. Bb2 Nd7 4. d4 e6 5. Nbd2 Ngf6 6. e3 Bd6 7. Bd3 Qe7 8. O-O
Ba3 9. Qc1 Bxb2 10. Qxb2 O-O 11. c4 c6 12. Rac1 Bh5 13. Rfe1 Rfe8 14. e4 dxe4
15. Bxe4 Nxe4 16. Rxe4 Bg6 17. Re3 Qf6 18. Rce1 Red8 19. Ne4 Qf4 20. g3 Qc7 21.
Kg2 a5 22. a4 b5 23. Qc3 bxa4 24. bxa4 Rab8 25. Neg5 c5 26. d5 exd5 27. cxd5 Nf6
28. Re7 Qb6 29. R1e5 h6 30. Ne6 fxe6 31. R5xe6 Qb2 32. Qxc5 Rf8 33. d6 Ng4 34.
Rxg6 Nf6 35. Rexg7+ Kh8 36. Qc7 Qb3 37. Rxh6+ 1-0

[Event "PRO League Group Stage"]
[Site "chess.com INT"]
[Date "2019.03.07"]
[Round "9"]
[White "Gupta, Abhijeet"]
[Black "Kryakvin, Dmitry"]
[Result "0-1"]
[WhiteTitle "GM"]
[BlackTitle "GM"]
[WhiteElo "2581"]
[BlackElo "2588"]
[WhiteTeam "Delhi Dynamite"]
[BlackTeam "Moscow Phoenix"]
[WhiteFideId "5010608"]
[BlackFideId "4153278"]
[EventDate "2019.01.08"]

1. d4 e6 2. c4 Bb4+ 3. Nd2 c5 4. a3 Bxd2+ 5. Qxd2 cxd4 6. Nf3 Nf6 7. Nxd4 O-O 8.
e3 d5 9. cxd5 Qxd5 10. Nf3 Nc6 11. Qxd5 Nxd5 12. b4 Nb6 13. Bd3 Rd8 14. Ke2 Bd7
15. Bd2 f6 16. a4 a5 17. b5 Nb4 18. Be4 Nxa4 19. Nd4 Nc5 20. Bb1 e5 21. Rc1 exd4
22. Rxc5 b6 23. Rc7 Bxb5+ 24. Kf3 d3 25. Kg3 Rac8 26. Rb7 Rb8 27. Ra7 Bc4 28.
Rc7 Rdc8 29. Rd7 Nc2 30. Bxc2 dxc2 31. Bc1 Rd8 32. Rc7 Rdc8 33. Re7 Bb3 34. f3
Rd8 35. e4 Rd1 36. Rc7 Rbd8 37. h4 h5 38. Rc6 a4 0-1

[Event "PRO League Group Stage"]
[Site "chess.com INT"]
[Date "2019.03.07"]
[Round "9"]
[White "Afanasiev, Nikita"]
[Black "Manu, David Suthandram R"]
[Result "1-0"]
[WhiteTitle "FM"]
[WhiteElo "2508"]
[BlackElo "2252"]
[WhiteTeam "Moscow Phoenix"]
[BlackTeam "Delhi Dynamite"]
[WhiteFideId "24183555"]
[BlackFideId "35019562"]
[EventDate "2019.01.08"]

1. Nf3 Nf6 2. g3 e6 3. Bg2 d5 4. O-O c5 5. d4 Nc6 6. c4 cxd4 7. Nxd4 Bc5 8. Nb3
Be7 9. Nc3 dxc4 10. Bxc6+ bxc6 11. Nd2 O-O 12. Nxc4 Nd5 13. Bd2 Ba6 14. b3 Bxc4
15. bxc4 Nb6 16. Bf4 Nxc4 17. Qa4 Nb6 18. Qxc6 Rc8 19. Qf3 Qd4 20. Rac1 Rfd8 21.
Rfd1 Qb4 22. Rxd8+ Bxd8 23. Rd1 Be7 24. Rd3 Bf6 25. Ne4 Be7 26. Bd6 Qe1+ 27. Kg2
Rc1 28. g4 Qh1+ 29. Kg3 Qg1+ 30. Qg2 Qxg2+ 31. Kxg2 Bxd6 32. Rxd6 Kf8 33. Rd8+
Ke7 34. Rb8 Nd5 35. e3 f5 36. gxf5 exf5 37. Ng5 h6 38. Nf3 Rc2 39. Nd4 Rxa2 40.
Nxf5+ Kf6 41. Rf8+ Kg6 42. Kg3 Nf6 43. Ne7+ Kh7 44. Kf3 Ra4 45. Rc8 Nd7 46. Kg3
Re4 47. Nf5 Re5 48. Nd4 Nf6 49. Rc7 a5 50. Ra7 Kg6 51. h4 Ne4+ 52. Kf4 Re8 53.
f3 Nf6 54. e4 Nh5+ 55. Ke3 Nf6 56. Rxa5 Ra8 57. Rxa8 1-0

[Event "PRO League Group Stage"]
[Site "chess.com INT"]
[Date "2019.03.07"]
[Round "9"]
[White "Puranik, Abhimanyu"]
[Black "Pantsulaia, Levan"]
[Result "1-0"]
[WhiteTitle "GM"]
[BlackTitle "GM"]
[WhiteElo "2536"]
[BlackElo "2597"]
[WhiteTeam "Mumbai Movers"]
[BlackTeam "Tbilisi Gentlemen"]
[WhiteFideId "5061245"]
[BlackFideId "13602071"]
[EventDate "2019.01.08"]

1. e4 c6 2. d4 d5 3. Nd2 dxe4 4. Nxe4 Bf5 5. Ng3 Bg6 6. h4 h6 7. Nf3 e6 8. Ne5
Bh7 9. Bd3 Bxd3 10. Qxd3 Nd7 11. f4 Nxe5 12. fxe5 c5 13. Be3 cxd4 14. O-O-O Ne7
15. Bxd4 Nc6 16. Qb5 Qc8 17. Bc3 a6 18. Qa4 b5 19. Qe4 Ra7 20. Rhf1 Ne7 21. Qe3
Rb7 22. Ne4 Nd5 23. Rxd5 exd5 24. Nd6+ Bxd6 25. exd6+ Qe6 26. Qg3 Kd8 27. Re1
Qg6 28. Ba5+ Kc8 29. Qc3+ Kb8 30. Bc7+ Ka8 31. d7 d4 32. Re8+ 1-0

[Event "PRO League Group Stage"]
[Site "chess.com INT"]
[Date "2019.03.07"]
[Round "9"]
[White "Amonatov, Farrukh"]
[Black "Paichadze, Luka"]
[Result "0-1"]
[WhiteTitle "GM"]
[BlackTitle "GM"]
[WhiteElo "2621"]
[BlackElo "2583"]
[WhiteTeam "Mumbai Movers"]
[BlackTeam "Tbilisi Gentlemen"]
[WhiteFideId "14700077"]
[BlackFideId "13602934"]
[EventDate "2019.01.08"]

1. e4 c6 2. Nc3 d5 3. Qf3 e6 4. d4 Nf6 5. Bd3 dxe4 6. Nxe4 Qxd4 7. Ne2 Qd8 8.
Bg5 Nbd7 9. O-O-O Be7 10. Kb1 Nxe4 11. Bxe7 Qxe7 12. Qxe4 Nc5 13. Qe5 O-O 14.
Nd4 Nxd3 15. Rxd3 f6 16. Qe4 e5 17. Rhd1 f5 18. Qe3 Qc7 19. Nb3 f4 20. Qc5 b6
21. Qc4+ Qf7 22. Qxc6 Bf5 23. Rc3 Rac8 24. Qd6 Rxc3 25. bxc3 Re8 26. Kb2 h6 27.
f3 Kh7 28. g3 fxg3 29. hxg3 Bg6 30. Qc6 Qf5 31. Rd2 Rc8 32. Qb7 Rf8 33. Qxa7
Qxf3 34. Qxb6 Qxg3 35. Nc5 Qe1 36. Rg2 Rf6 37. Ne6 Qe4 38. Rf2 Bf5 39. Ng5+ hxg5
40. Rh2+ Rh6 0-1

[Event "PRO League Group Stage"]
[Site "chess.com INT"]
[Date "2019.03.07"]
[Round "9"]
[White "Quparadze, Giga"]
[Black "Raja, Harshit"]
[Result "1-0"]
[WhiteTitle "GM"]
[BlackTitle "IM"]
[WhiteElo "2493"]
[BlackElo "2432"]
[WhiteTeam "Tbilisi Gentlemen"]
[BlackTeam "Mumbai Movers"]
[WhiteFideId "13602250"]
[BlackFideId "5089000"]
[EventDate "2019.01.08"]

1. e4 c5 2. Nf3 d6 3. d4 cxd4 4. Nxd4 Nf6 5. Nc3 a6 6. Nb3 g6 7. Be2 Bg7 8. O-O
O-O 9. Re1 Nc6 10. Bg5 Be6 11. Bf1 Rc8 12. Nd5 Bxd5 13. exd5 Ne5 14. c3 Qd7 15.
h3 Rfe8 16. Bxf6 Bxf6 17. Nd2 Qc7 18. Ne4 Bg7 19. h4 Qb6 20. Qd2 h5 21. Rad1 Ng4
22. Re2 Bh6 23. Qd4 Qa5 24. Rde1 Bg7 25. Qd2 Ne5 26. a3 Qb6 27. Qe3 Qb3 28. Rd2
Ng4 29. Qe2 Qb6 30. g3 Ne5 31. Bh3 Rc7 32. Rd4 Qa7 33. Kh1 Qb6 34. Rb4 Qa5 35.
Rd4 Qb6 36. Red1 Rf8 37. f4 Nd7 38. Rb4 Qa7 39. Bxd7 Rxd7 40. f5 Be5 41. Ng5 b5
42. Nf3 Bf6 43. g4 gxf5 44. gxf5 Qc5 45. Rg1+ Kh7 46. Ng5+ Bxg5 47. Rxg5 Qxd5+
48. Re4 1-0

[Event "PRO League Group Stage"]
[Site "chess.com INT"]
[Date "2019.03.07"]
[Round "9"]
[White "Volkov, Nika"]
[Black "Sadhwani, Raunak"]
[Result "1-0"]
[BlackTitle "IM"]
[WhiteElo "2153"]
[BlackElo "2451"]
[WhiteTeam "Tbilisi Gentlemen"]
[BlackTeam "Mumbai Movers"]
[WhiteFideId "13604376"]
[BlackFideId "35093487"]
[EventDate "2019.01.08"]

1. d4 d6 2. Nf3 g6 3. c4 Bg7 4. Nc3 Nf6 5. e3 O-O 6. Be2 Nbd7 7. O-O e5 8. b3
Re8 9. Ba3 e4 10. Nd2 Nf8 11. Qc2 Bf5 12. Rae1 h5 13. Qc1 N8h7 14. f3 exf3 15.
Bxf3 c6 16. e4 Bg4 17. h3 Nd7 18. e5 Qb6 19. c5 dxc5 20. hxg4 cxd4 21. Na4 Qd8
22. e6 fxe6 23. gxh5 Bh6 24. Qc2 Nhf8 25. g3 Qa5 26. Ne4 b5 27. Bxf8 Rxf8 28.
Nec5 Rf5 29. Nxd7 bxa4 30. Rxe6 1-0